| 000 | 01110nam a2200313 i 4500 | ||
|---|---|---|---|
| 001 | 66895 | ||
| 003 | ES-MaACL | ||
| 005 | 20230906165901.0 | ||
| 007 | t| | ||
| 008 | 020416s2002 sp ||||0| spa d | ||
| 020 | _a84-923271-6-2 | ||
| 040 |
_aM-BN _bspa _cM-BN |
||
| 080 | _a75.036(497.2)(083.824) | ||
| 080 | _a73.036(497.2)(083.824) | ||
| 245 | 0 | 0 |
_aViento del este _b: seis propuestas de arte / _cNikola Dimitrov ... [et al.]. |
| 260 |
_a[Madrid : _bJunta Municipal de Retiro, _c2002] |
||
| 300 |
_a142 p. : _bprincipalmente il. ; _c29 cm. |
||
| 500 | _aExposición: Centro Cultural Casa de Vacas, Madrid, enero-febrero 2002. | ||
| 500 | _aTextos en español y traducción en inglés. | ||
| 650 | 1 | 4 |
_aPintura búlgara- _yS.XX- _vExposiciones. _916021 |
| 650 | 1 | 4 |
_aEscultura búlgara- _yS.XX- _vExposiciones. _912433 |
| 655 | 7 |
_2tgfbne _9193628 _aCatálogos de exposiciones |
|
| 700 | 1 |
_aDimitrov, Nikola. _944827 |
|
| 710 | 2 |
_aCentro Cultural Casa de Vacas. _92575 |
|
| 852 |
_aES-MaACL _jL-27381 _bR.133241 |
||
| 942 | _2udc | ||
| 999 |
_c66895 _d66895 |
||